|
|
|
|
| LEADER |
00915nam a2200277 a 4500 |
| 001 |
4969564 |
| 008 |
090705s2001 maua 001 0 eng d |
| 010 |
|
|
|a 97142162
|
| 020 |
|
|
|a 0750699442
|
| 020 |
|
|
|a 9780750671750
|
| 020 |
|
|
|a 0750671750
|
| 040 |
|
|
|a DLC
|c DLC
|
| 082 |
0 |
0 |
|a 621.385
|2 21
|
| 100 |
1 |
|
|a Bigelow, Stephen J.
|
| 245 |
0 |
0 |
|a Understanding telephone electronics/
|c Stephen J. Bigelow, Joseph J. Carr, and Steve Winder.
|
| 250 |
|
|
|a 4rth ed.
|
| 260 |
|
|
|a Boston :
|b Newnes,
|c c2001.
|
| 300 |
|
|
|a xiv, 402 p. :
|b ill. ;
|c 24 cm.
|
| 500 |
|
|
|a Includes index.
|
| 541 |
1 |
|
|e 00018655
|
| 650 |
|
0 |
|a Telephone.
|
| 700 |
1 |
|
|a Carr, Joseph J.
|
| 700 |
1 |
|
|a Winder, Steve.
|
| 852 |
4 |
|
|a Ayesha Abed Library
|j General Shelf.
|
| 999 |
|
|
|c 2017
|d 2017
|
| 952 |
|
|
|0 0
|1 0
|2 ddc
|4 0
|6 621_385000000000000_BIG_2001
|7 0
|8 NFIC
|9 1854
|a BRACUL
|b BRACUL
|c GEN
|d 2009-07-05
|l 0
|o 621.385 BIG
|p 3010018655
|r 2009-07-05
|t 1
|w 2009-07-05
|y BK
|